Grupos políticos en el Parlamento Europeo - Estadísticas

Estadísticas generales
  • Esta prueba ha sido intentada 35 veces
  • La puntuación promedio es 3 de 9
Estadísticas de respuestas
Nº de escaños Grupo Político % Correcto
188 Partido Popular Europeo
90%
136 Socialistas y Demócratas
55%
84 Patriotas por Europa
45%
76 Renovar Europa
45%
53 Verdes/ALE
34%
78 Conservadores y Reformistas Europeos
31%
27 No Inscritos
24%
46 La Izquierda
21%
32 Otros
0%
No se encontraron pruebas coincidentes
Distribución de puntuación
Porcentaje de gente con cada puntuación
Porcentaje por número respondido
Historial de tus puntuaciones
No has intentado esta prueba.